00437nam a2200169 a 45000010014000000030004000140050017000180080041000350200018000760820020000941000029001142450034001432600037001773000014002146500021002280400018002491758970879836ACL20250927163340.0250927s1998##################000#0#eng## a978052022037904a791.430233bRIC1 aRichie, Donald,eauthor.10aThe Films of Akira Kurosawa : bUniv of California Press,c1998. a276 pages 0aPerforming Arts. aACLbengcACL